00922cam a22002411 4500001001300000003000400013005001700017008004100034010001700075035001900092040002100111042001200132050001700144100002700161245011500188260004900303300003700352500001700389500014700406650003800553710007200591999001700663sa 65009317 DLC20260227112201.0830618s1958 vm 000 0 fre  asa 65009317  a(OCoLC)9623152 aDLCcICarbSdDLC apremarc00aS599.V47bT41 aThái, Công Tụng.10aRapport sur la mission de cartographie des sols de la station expérimentale de canne à sucre de Tuy-Hòa. a[Saigon]bBibliothèque agronomique,c1958. a12 p.billus., fold. mapc24 cm. aCover title. aAt head of title: Secrétariat d'État à l'agriculture. Direction des études et recherches agronomiques, forestières et zootechniques. 0aSoil surveyszVietnamzTuy Hòa.1 aVietnam.bNha Khảo cứu và Sưu tầm Nông lâm súc. c66135d66135